[Event "Masters"]
[Site "Bunratty IRL"]
[Date "2007.02.25"]
[Round "6"]
[White "Fedorowicz,J"]
[Black "Benjamin,Joe"]
[Result "0-1"]
[WhiteElo "2469"]
[BlackElo "2571"]

1.Nf3 d5 2.c4 d4 3.g3 Nc6 4.Bg2 e5 5.O-O Nf6 6.d3 Nd7 7.e3 Bc5 8.exd4 Nxd4
9.Nbd2 O-O 10.Nxd4 Bxd4 11.Nf3 Bc5 12.Bd2 a5 13.Bc3 f6 14.d4 exd4 15.Nxd4 Ne5
16.Nb3 Bb4 17.Qe1 Bxc3 18.Qxc3 Qd3 19.f4 Qxc3 20.bxc3 Ng6 21.Nd4 Rd8 22.Rab1 c6
23.Rfe1 Kf7 24.Rb2 a4 25.h4 a3 26.Rb3 Ra4 27.Bf1 Ne7 28.Kf2 c5 29.Nc2 Nf5
30.Ne3 Nxe3 31.Rxe3 Rd2+ 32.Re2 Rd6 33.Re3 b6 34.Rd3 Rxd3 35.Bxd3 Ra6 36.Rb1 h6
37.Ke3 f5 38.h5 Be6 39.Kd2 Kf6 40.Kc2 Bf7 41.Be2 Be6 42.Rd1 Ke7 43.Re1 Kf6
44.Bf1 Bf7 45.Rb1 Ke7 46.Kd2 Kd6 47.Be2 Be6 48.Kc2 Kc7 49.Bd3 Ra7 50.Re1 Kd6
51.Re5 Ra8 52.Kc1 Ra4 53.Bxf5 Bxf5 54.Rxf5 Rxc4 55.Kc2 Re4 56.Kb3 Re3 57.g4 b5
58.Kxa3 Rxc3+  0-1

[Event "X Malaga Open"]
[Site "Campillos ESP"]
[Date "2007.03.01"]
[Round "7"]
[White "Pilaj,H"]
[Black "Guadamuro Torrente,A"]
[Result "1-0"]
[WhiteElo "2373"]
[BlackElo "2107"]

1.Nf3 d5 2.c4 e6 3.d4 c6 4.e3 Nf6 5.Bd3 Nbd7 6.O-O Bd6 7.Nbd2 O-O 8.e4 dxe4
9.Nxe4 Nxe4 10.Bxe4 f5 11.Bc2 e5 12.c5 Be7 13.Bb3+ Kh8 14.Nxe5 Nxe5 15.dxe5 Qxd1
16.Rxd1 Bxc5 17.Bf4 a5 18.a4 b6 19.Rac1 h6 20.h4 Ra7 21.h5 Re7 22.Bc4 Be6
23.Bxe6 Rxe6 24.g3 Be7 25.Kg2 Rd8 26.Kf3 Kg8 27.Be3 Rxd1 28.Rxd1 Rxe5 29.Bxb6 Bb4
30.Rd8+ Kf7 31.Rd7+ Re7 32.Rxe7+ Kxe7 33.Kf4 Ke6 34.Bd4 Bd6+ 35.Ke3 Kf7 36.Bb6 Bb4
37.Kd4 Ke6 38.Kc4 f4 39.g4 f3 40.Kd4 Kd6 41.Ke4 c5 42.b3 Bd2 43.Kxf3 Kd5
44.Ke2 Bb4 45.Kd3 Be1 46.f3 Bb4 47.Bc7 Ke6 48.Kc4  1-0

[Event "TCh-NED 2006-7"]
[Site "Netherlands NED"]
[Date "2007.03.03"]
[Round "6"]
[White "Kabatianski,A"]
[Black "Tan,Mat"]
[Result "1/2-1/2"]
[WhiteElo "2434"]
[BlackElo "2307"]

1.Nf3 d5 2.c4 c6 3.d4 e6 4.Nbd2 Nf6 5.g3 Nbd7 6.Bg2 Be7 7.O-O O-O 8.Qc2 b6
9.Rd1 Bb7 10.e4 Rc8 11.b3 dxe4 12.Nxe4 c5 13.Nxf6+ Bxf6 14.Ng5 Bxg5 15.Bxb7 Rc7
16.dxc5 Bxc1 17.Raxc1 Rxb7 18.c6 Rc7 19.Rxd7 Rxd7 20.cxd7 Qxd7 21.Rd1 Qe7
22.Qd3 Qa3 23.Rd2 g6 24.Kg2 h5 25.Qd6 Qa5 26.Re2 Re8 27.h3 e5 28.Rc2 Qe1
29.Qd3 e4 30.Qd2 Qa1 31.b4 Qf6 32.Qe3 Qe5 33.c5 bxc5 34.bxc5 Rc8 35.c6 Qd5
36.c7 Qb7 37.Qc5 e3+ 38.f3 e2 39.Kf2 e1=Q+ 40.Kxe1 Qxf3 41.Qe5 Qh1+ 42.Ke2 Qxh3
43.Rb2 Qg2+ 44.Ke1 Qg1+ 45.Kd2 Qg2+ 46.Ke1 Qg1+  1/2-1/2

[Event "I Open"]
[Site "La Laguna ESP"]
[Date "2007.03.10"]
[Round "7"]
[White "Villavicencio Martinez,C"]
[Black "Sanz Alonso,F"]
[Result "0-1"]
[WhiteElo "2161"]
[BlackElo "2415"]

1.Nf3 d5 2.c4 c6 3.g3 g6 4.Bg2 Bg7 5.cxd5 Qxd5 6.O-O Qh5 7.d4 Nf6 8.Nc3 O-O
9.e4 Bg4 10.Qd3 Nbd7 11.e5 Nd5 12.Nxd5 cxd5 13.Bd2 e6 14.Rfe1 f6 15.exf6 Bxf6
16.Rac1 Rf7 17.Bb4 Bf5 18.Qc3 Be4 19.Bd6 Re8 20.Ne5 Nxe5 21.Bxe5 Bxe5 22.dxe5 Rxf2
23.Kxf2 Qxh2 24.Ke3 Qxg3+ 25.Kd4 Qf2+ 26.Re3 Bxg2 27.Re1 Bf1 28.a3  0-1

[Event "TCh-AUT 2006-7"]
[Site "Mattersburg AUT"]
[Date "2007.03.10"]
[Round "10"]
[White "Markus,Rob"]
[Black "Rausis,I"]
[Result "1/2-1/2"]
[WhiteElo "2560"]
[BlackElo "2521"]

1.Nf3 d5 2.c4 e6 3.d4 Nf6 4.g3 dxc4 5.Bg2 Bb4+ 6.Bd2 a5 7.e3 Ra6 8.a3 Bxd2+
9.Nfxd2 b5 10.Nc3 c6  1/2-1/2

[Event "TCh-BEL 2006-7"]
[Site "Belgium BEL"]
[Date "2007.03.11"]
[Round "10"]
[White "Roeder,M"]
[Black "Wirig,A"]
[Result "1/2-1/2"]
[WhiteElo "2455"]
[BlackElo "2433"]

1.Nf3 d5 2.c4 c6 3.e3 Nf6 4.Nc3 a6 5.b3 g6 6.Be2 Bg7 7.Bb2 O-O 8.O-O Re8
9.d4 Bg4 10.cxd5 Bxf3 11.Bxf3 cxd5 12.b4 e6 13.Qb3 Nbd7 14.Na4 Nb6 15.Nxb6 Qxb6
16.a4 Bf8 17.Ba3 Rec8 18.Rfc1 Rc6 19.Rxc6 Qxc6 20.Rc1 Qd7 21.a5 Rc8 22.Rc2 Rxc2
23.Qxc2 Bd6 24.g3 Kg7 25.Kg2 h5 26.h3 Qb5 27.Be2 Qe8 28.Bd3 Qe7 29.Qc3 g5
30.f4 g4 31.h4 Qf8 32.Kf2 Be7 33.Ke2 Qd8  1/2-1/2

[Event "ch-SRB"]
[Site "Vrsac SRB"]
[Date "2007.03.15"]
[Round "11"]
[White "Damljanovic,B"]
[Black "Solak,D"]
[Result "1/2-1/2"]
[WhiteElo "2590"]
[BlackElo "2564"]

1.Nf3 d5 2.c4 c6 3.e3 Nf6 4.Nc3 a6 5.d4 b5 6.c5 Nbd7 7.a3 e5 8.dxe5 Ne4 9.e6 fxe6
10.Nxe4 dxe4 11.Nd4 Nf6 12.b4 Qc7 13.Bb2 e5 14.Nb3 Be7 15.Be2 O-O 16.O-O Be6
17.Qc2 Bd5 18.Nd2 Rae8 19.Nb1 Bf7 20.Nc3 Bg6 21.a4 Qd7 22.axb5 axb5 23.Ra6 Ra8
24.Rxa8 Rxa8 25.Rd1 Qf5 26.h3 Rf8 27.Bf1 h5 28.Rd2 Kh7 29.Qd1 h4 30.Qa1 Nh5
31.Qb1 Kh6 32.Qd1 Nf6 33.Be2 Qg5 34.Bg4 Nxg4 35.Qxg4 Qxg4 36.hxg4 Rd8 37.Rxd8 Bxd8
38.Kh2 Bh7 39.Nb1 Bc7 40.Kh3 g5 41.Nd2 Kg7 42.f4 exf3 43.gxf3 Kf7 44.e4 Ke6
45.Nb3 Bg6 46.Nc1 Bd8 47.Nd3 Bf6 48.Kg2 Be8 49.Bc1 Bd7 50.Kg1 Bc8 51.Nf2 Kf7
52.Nd1 Bd7 53.Ne3 Be6 54.Kf2 Bd7 55.Kg2 Be6 56.Nf5 Bd7 57.Nd6+ Ke6 58.Bb2 Be7
59.Nf5 Bf6  1/2-1/2

[Event "Bundesliga 2006-7"]
[Site "Solingen GER"]
[Date "2007.03.17"]
[Round "12"]
[White "Muse,M"]
[Black "Stellwagen,D"]
[Result "1/2-1/2"]
[WhiteElo "2445"]
[BlackElo "2585"]

1.Nf3 d5 2.c4 c6 3.e3 Nf6 4.Nc3 e6 5.b3 Bd6 6.Qc2 O-O 7.Bb2 Nbd7 8.Be2 b6
9.O-O Bb7 10.d4 Qe7 11.e4 e5 12.exd5 cxd5 13.Nb5 e4 14.Nh4 g6 15.Nxd6 Qxd6
16.Qc1 Rfe8 17.Qg5 Qe6 18.g3 e3 19.fxe3 Qxe3+ 20.Qxe3 Rxe3 21.Bf3 Rae8 22.Ng2 Rd3
23.Rad1 Rxd1 24.Rxd1 Ba6 25.Rc1 Ne4 26.Nf4 dxc4 27.bxc4 Nd2 28.Bc6 Rd8 29.Ba3 Nb8
30.Bd5 Rc8 31.c5 bxc5 32.dxc5 Nc6 33.Kf2 Ne5 34.h4 Ndc4 35.Bb4 Nb2 36.Be4 Nbd3+
37.Nxd3 Nxd3+ 38.Bxd3 Bxd3 39.Ke3 Bb5 40.Kd4 f6 41.Kc3 Kf7 42.Kb2 Bc6 43.Rd1 Rb8
44.Kc3 Re8 45.Rd6 Bb5 46.Ba5 Re4 47.Rd4 Re2 48.Kb3 Re3+ 49.Kb4 Be8 50.Bc7 g5
51.hxg5 fxg5 52.Rd5 Re4+ 53.Kc3 h6 54.Re5 Ra4 55.Bd6 Bb5 56.Kb3 Kf6 57.Re7 a6
58.Rh7 Kg6 59.Rh8 Rg4 60.Kb2 h5 61.Rg8+ Kh7 62.Rc8 Rc4 63.Kb3 Rd4 64.Kc3 Rd3+
65.Kb4 Rd4+  1/2-1/2

[Event "Bundesliga 2006-7"]
[Site "Solingen GER"]
[Date "2007.03.18"]
[Round "13"]
[White "Ernst,S"]
[Black "Richter,Mic"]
[Result "0-1"]
[WhiteElo "2540"]
[BlackElo "2396"]

1.Nf3 d5 2.c4 d4 3.g3 c5 4.Bg2 Nc6 5.O-O e5 6.d3 Nf6 7.e3 h6 8.exd4 exd4
9.Bf4 Be7 10.Ne5 Nxe5 11.Bxe5 O-O 12.Bxf6 Bxf6 13.Qh5 Qa5 14.Rd1 g6 15.Qxh6 Bg4
16.Qd2 Qxd2 17.Rxd2 Rae8 18.Na3 Bd8 19.Bxb7 Ba5 20.Rc2 Be2 21.Be4 Rxe4 22.dxe4 d3
23.Rcc1 Re8 24.Nb5 Rxe4 25.Nc3 Bxc3 26.bxc3 d2 27.Rcb1 Bf3 28.Kf1 Re8 29.Rd1 Rd8
30.Kg1 Kg7 31.h4 Kf6 32.Kh2 g5 33.g4 gxh4 34.Rab1 Kg5 35.a3 Kf4  0-1

[Event "Agzamov Mem"]
[Site "Tashkent UZB"]
[Date "2007.03.20"]
[Round "6"]
[White "Rakhmatullin,K"]
[Black "Saidov,B"]
[Result "0-1"]
[WhiteElo "2335"]
[BlackElo "2297"]

1.Nf3 d5 2.c4 e6 3.b3 c5 4.g3 Nc6 5.Bg2 Nf6 6.O-O Be7 7.Bb2 O-O 8.e3 b6 9.Nc3 Bb7
10.d3 Qd7 11.Qe2 Rad8 12.Rfd1 d4 13.exd4 Nxd4 14.Nxd4 cxd4 15.Nb5 Bxg2 16.Kxg2 Bc5
17.Qf3 e5 18.Na3 Ne8 19.Nc2 f5 20.Re1 Bd6 21.Kg1 Nf6 22.Qg2 f4 23.Rad1 Qf5
24.h3 f3 25.g4 fxg2 26.gxf5 Nh5 27.Bc1 Rxf5 28.Kxg2 Rdf8 29.Re2 R8f6 30.Ne1 Ba3
31.Bd2 Bb4 32.Bc1 Rg6+ 33.Kh2 Bd6 34.Kh1 Nf6 35.f3 Nh5 36.Rg2 Ng3+  0-1

[Event "60th ch-RUS sf Urals"]
[Site "Nizhnij Tagil RUS"]
[Date "2007.03.21"]
[Round "8"]
[White "Ovetchkin,R"]
[Black "Kalmachevskikh,V"]
[Result "1-0"]
[WhiteElo "2534"]
[BlackElo "2333"]

1.Nf3 d5 2.c4 e6 3.g3 Nf6 4.Bg2 Be7 5.O-O O-O 6.d4 b6 7.cxd5 exd5 8.Nc3 Bb7
9.Bf4 c6 10.Qb3 Na6 11.Rad1 Nc7 12.Rfe1 Ne6 13.Be5 Ne8 14.e4 N8c7 15.Bxc7 Nxc7
16.Ne5 Qd6 17.a3 Rfe8 18.exd5 cxd5 19.Ng4 Qd7 20.Ne5 Qd6 21.Qa4 a6 22.Nc4 dxc4
23.Bxb7 b5 24.Qa5 Rab8 25.Ne4 Qd7 26.Nc5 Qd6 27.a4 bxa4 28.Qxa4 Ne6 29.Nxe6 fxe6
30.Bc6 Rb4 31.Bxe8 Rxa4 32.Bxa4 Bf6 33.Re4 Qd5 34.Bc2 Kf7 35.h4 Qb5 36.Rb1 a5
37.b3 c3 38.Rd1 Qd5 39.Re3 Bxd4 40.Red3 e5 41.Rxc3 Qb7 42.Rcd3 Qc6 43.R1d2 Kf6
44.Bd1 Qe4 45.Bf3 Qe1+ 46.Kg2 h6 47.Re2 Qb4 48.h5 g6 49.hxg6 Kxg6 50.Be4+ Kg7
51.Rc2 Qe1 52.Bd5 h5 53.Rf3 e4 54.Rf7+ Kg6 55.Rc6+ Kg5 56.Re6 Bxf2 57.Rxf2 e3
58.Re5+ Kh6 59.Rc2 Kg7 60.Bf3 h4 61.gxh4 Qxh4 62.Rxa5 Qb4 63.Rc7+ Kf6 64.Rc6+ Ke7
65.Re5+ Kd7 66.Rxe3 Qd2+ 67.Re2 Qg5+ 68.Kf1 Qf5 69.Rc3 Qh3+ 70.Ke1 Qh4+ 71.Kd2 Qb4
72.Kc2 Qa3 73.Kb1 Qd6 74.Bg4+  1-0

[Event "Jose Marca Castaneda mem Open"]
[Site "Lima PER"]
[Date "2007.03.22"]
[Round "4"]
[White "Alvarado,L"]
[Black "Cornejo,M"]
[Result "0-1"]
[WhiteElo "1972"]
[BlackElo "2297"]

1.Nf3 d5 2.c4 e6 3.d4 Nf6 4.cxd5 exd5 5.Nc3 c6 6.Bg5 Be7 7.e3 Bf5 8.Bd3 Bxd3
9.Qxd3 O-O 10.Bxf6 Bxf6 11.b4 Nd7 12.O-O Nb6 13.b5 Rc8 14.Rab1 Qd7 15.e4 dxe4
16.Nxe4 Qf5 17.bxc6 bxc6 18.Nxf6+ Qxf6 19.Rfe1 Rc7 20.Rbc1 Nd5 21.Rc5 Re7
22.Rxe7 Qxe7 23.g3 Rb8 24.a3 Rb6 25.Ne5 Qe6 26.Kg2 f6 27.Nc4 Rb5 28.Na5 Rxc5
29.dxc5 Qc8 30.Qe4 g6 31.h4 Kg7 32.Qa4 Ne7 33.Qf4 Qe6 34.Qf3 Kf7 35.Nb7 Qd5
36.Qxd5+ cxd5 37.Kf3 Nc6 38.Ke3 Ke6 39.Nd6 d4+ 40.Kd3 Kd5 41.f4 f5 42.Nb7 h5
43.Nd6 Kxc5 44.Nf7 Kd5 45.Nh8 Ne7 46.Nf7 Nc6 47.Nh8 Ne7 48.Nf7 Kc5 49.Ne5 Kd5
50.Nf7 Kc5 51.Ne5 a6 52.Nd7+ Kd5 53.Ne5 a5 54.Nf7 Nc6 55.Nh8 Ne7 56.Nf7 Ke6
57.Ne5 Kd5 58.Nf7 Ng8 59.Ne5 Ne7 60.Nf7 Nc8 61.Ne5 Ne7 62.Nf7 Nc6 63.Nh8 Ne7
64.Nf7 Nc6 65.Nh8 Ke6 66.Nxg6 Kf7 67.Ne5+ Nxe5+ 68.fxe5 Ke6 69.Kxd4 a4 70.Kc4 Kxe5
71.Kb4 Ke4 72.Kxa4 Kf3 73.Kb4 Kxg3 74.a4 f4 75.a5 f3 76.a6 f2 77.a7 f1=Q
78.a8=Q Kxh4 79.Qd8+ Kh3 80.Qd7+ Kg2 81.Qg7+ Kh1 82.Qg3 Qb1+ 83.Ka3 Qc1+
84.Kb3 Qb1+ 85.Kc3 Qf5 86.Qe1+ Kg2 87.Qe2+ Kg3 88.Qe1+ Kh3 89.Qh1+ Kg4 90.Qg1+ Kh4
91.Qe1+ Kg5 92.Kd2 h4 93.Qg1+ Kh5 94.Qd1+ Kh6 95.Ke1 h3 96.Qd6+ Kh5 97.Qg3 Kh6
98.Qh4+ Kg6 99.Qg3+ Kh5 100.Qh2 Qb1+ 101.Kf2 Qc2+ 102.Kg1 Qd1+ 103.Kf2 Qd2+  0-1

[Event "Agzamov Mem"]
[Site "Tashkent UZB"]
[Date "2007.03.23"]
[Round "9"]
[White "Yurtaev,L"]
[Black "Kayumov,S"]
[Result "1/2-1/2"]
[WhiteElo "2476"]
[BlackElo "2438"]

1.Nf3 d5 2.c4 c6 3.d4 Nf6 4.Nc3 dxc4 5.a4 Bf5 6.e3 e6 7.Bxc4 Bb4 8.O-O Nbd7
9.Qe2 O-O 10.e4 Bg4 11.Rd1 Rc8 12.e5 Nd5 13.Ne4 Be7 14.h3 Bh5 15.g4 Bg6 16.h4 c5
17.Nxc5 Nxc5 18.dxc5 Bxh4 19.g5 Bh5 20.Qe4 Bxf3 21.Qxf3 Bxg5 22.Bxd5 exd5
23.Rxd5 Qe7 24.Qf5  1/2-1/2

[Event "Rector Cup w"]
[Site "Kharkiv UKR"]
[Date "2007.03.24"]
[Round "9"]
[White "Vozovic,O"]
[Black "Mokhova,K"]
[Result "1/2-1/2"]
[WhiteElo "2323"]
[BlackElo "2108"]

1.Nf3 d5 2.c4 c6 3.b3 Bf5 4.Bb2 e6 5.g3 Nf6 6.Bg2 Be7 7.O-O O-O 8.d4 Ne4
9.Ne5 Nd7 10.f3 Nd6 11.Nd2 f6 12.Nxd7 Qxd7 13.e4 Bg6 14.Qe2 f5 15.e5 Ne8
16.f4 Nc7 17.Rac1  1/2-1/2

[Event "Vladimir Zak mem"]
[Site "St Petersburg RUS"]
[Date "2007.03.27"]
[Round "4"]
[White "Pankov,Ger"]
[Black "Timofeev,An"]
[Result "1/2-1/2"]
[WhiteElo "2321"]
[BlackElo "2335"]

1.Nf3 d5 2.c4 c6 3.e3 Nf6 4.Nc3 g6 5.d4 Bg7 6.Bd3 O-O 7.O-O Be6 8.b3 Re8
9.Bb2 Nbd7 10.h3 Bf5 11.Qc2 Bxd3 12.Qxd3 Qa5 13.Rfd1 Rad8 14.cxd5 Nxd5 15.Nxd5 cxd5
16.Rdc1 Rc8 17.Bc3 Qb6 18.Rc2 Rc6 19.Rac1 Rec8 20.Bd2 e6 21.Rxc6 Rxc6 22.Rxc6 Qxc6
23.Qc3 Qxc3 24.Bxc3 Bf8 25.Kf1 Bd6 26.Ke2 f6 27.Ne1 Kf7 28.Nd3 e5 29.Bb4 Bc7
30.Nc5 Nxc5 31.Bxc5 a6 32.dxe5 fxe5 33.e4 Ke6 34.Kd3 b6 35.Bb4 b5  1/2-1/2

[Event "Rector Cup m"]
[Site "Kharkiv UKR"]
[Date "2007.03.29"]
[Round "3"]
[White "Molnar,P SVK"]
[Black "Zubarev,Al1"]
[Result "0-1"]
[WhiteElo "2353"]
[BlackElo "2514"]

1.Nf3 d5 2.c4 d4 3.e3 Nc6 4.exd4 Nxd4 5.Nxd4 Qxd4 6.Nc3 c6 7.d3 Nh6 8.Be3 Qd8
9.d4 Nf5 10.Qd2 g6 11.Be2 Bg7 12.O-O-O O-O 13.Kb1 Qa5 14.g4 Nxe3 15.fxe3 Be6
16.e4 Rfd8 17.d5 Bd7 18.Qe3 Qc7 19.h4 h6 20.g5 h5 21.Rd2 Qe5 22.Rhd1 Rdc8
23.Bf3 c5 24.Qe2 a6 25.a4 Qd6 26.Rc1 Be5 27.Rdd1 b5 28.cxb5 c4 29.bxa6 Rxa6
30.Nb5 Qb4  0-1

[Event "Sander Schloss Open"]
[Site "Werther GER"]
[Date "2007.03.30"]
[Round "3"]
[White "Shengelia,D"]
[Black "Rojas,L"]
[Result "1-0"]
[WhiteElo "2523"]
[BlackElo "2414"]

1.Nf3 d5 2.c4 c6 3.e3 Nf6 4.d4 a6 5.Bd3 g6 6.O-O Bg7 7.Ne5 O-O 8.Nc3 Be6
9.c5 Nbd7 10.Nxd7 Nxd7 11.Bd2 Bf5 12.Bxf5 gxf5 13.f4 e6 14.Rc1 Kh8 15.Be1 Rg8
16.Qb3 Rb8 17.Na4 Bf6 18.Nb6 Nxb6 19.Ba5 Qd7 20.Bxb6 Bd8 21.Rc3 Rg6 22.a4 f6
23.Rf2 Qg7 24.Qb4 Bxb6 25.cxb6 Rg8 26.Rcc2 Rh6 27.Rce2 Qg4 28.g3 Qh5 29.Rg2 Qf7
30.Qd6 a5 31.b4 axb4 32.Qxb4 Rhg6 33.Rc2 Ra8 34.Rc5 Rgg8 35.a5 Qh5 36.Qe1 Qf3
37.Rb2 Ra6 38.Rf2 Qe4 39.Qc3 h5 40.Rf1 h4 41.Kf2 h3 42.Rg1 Rga8 43.Qd2 Kg7
44.g4 Kf7 45.gxf5 Qxf5 46.Rg3 Rh8 47.Rc1 Rg8 48.Rxg8 Kxg8 49.Rg1+ Kf7 50.Rg3 Ra8
51.Qc3 Qb1 52.Rxh3 Qa2+ 53.Kf3 Rxa5 54.Qd3 f5 55.Qd1 Ke7 56.Qg1 c5 57.Qg7+  1-0

[Event "Bundesliga 2006-7"]
[Site "Remagen GER"]
[Date "2007.03.31"]
[Round "14"]
[White "Bindrich,F"]
[Black "Naumann,A"]
[Result "1/2-1/2"]
[WhiteElo "2469"]
[BlackElo "2549"]

1.Nf3 d5 2.c4 c6 3.e3 Nf6 4.d4 Bf5 5.Nc3 e6 6.Nh4 Bg6 7.Qb3 Qb6 8.Nxg6 hxg6
9.g3 Nbd7 10.Bg2 Qa6 11.Bf1 Qb6 12.Bd2 Be7 13.Bg2 Qa6 14.Bf1 Qb6 15.Rc1 O-O
16.Bg2 Qa6 17.cxd5 exd5 18.Bf3 Nb6 19.Rd1 Nc4 20.Bc1 Nd6 21.Qa4 Qxa4 22.Nxa4 Nde4
23.Bd2 Nxd2 24.Kxd2 Nd7 25.Kd3 Nb6 26.Nc3 a5 27.Rb1 Rfd8 28.Rhc1 g5 29.Ne2 g6
30.Ng1 Kg7 31.Bg2 g4 32.h3 gxh3 33.Nxh3 Rh8 34.Ke2 Bd6 35.Ng5 Be7 36.Nf3 Nc4
37.Rh1 Rxh1  1/2-1/2

[Event "Sander Schloss Open"]
[Site "Werther GER"]
[Date "2007.03.31"]
[Round "5"]
[White "Kruse,H"]
[Black "Grochtmann,S"]
[Result "1-0"]
[WhiteElo "2228"]
[BlackElo "2089"]

1.Nf3 d5 2.c4 e6 3.b3 Nf6 4.g3 Nbd7 5.Bg2 Bd6 6.Bb2 O-O 7.O-O c6 8.e3 Qe7
9.d3 e5 10.cxd5 cxd5 11.Nc3 e4 12.dxe4 dxe4 13.Nd2 Nc5 14.Ba3 Bg4 15.Qb1 Rac8
16.Nc4 Rfd8 17.Nxd6 Rxd6 18.Bxc5 Rxc5 19.Nxe4 Nxe4 20.Qxe4 Qxe4 21.Bxe4 b6
22.f3 Bf5 23.Rfd1 Rxd1+ 24.Rxd1 g6 25.Bxf5 Rxf5 26.Kf2 Rc5 27.Rd2 h5 28.Ke2 Kg7
29.Kd3 Kf6 30.Rc2 Rf5 31.Rc6+ Kg5 32.h4+ Kh6 33.Ke4 Kg7 34.Rc7 Ra5 35.a4 Kf6
36.f4 Ke6 37.Kd4 f6 38.e4 g5 39.f5+ Kd6 40.Rf7 gxh4 41.gxh4  1-0

[Event "30th Open"]
[Site "San Sebastian ESP"]
[Date "2007.04.01"]
[Round "1"]
[White "Pakleza,Z"]
[Black "Kuende Gorostidi,J"]
[Result "1-0"]
[WhiteElo "2446"]
[BlackElo "1891"]

1.Nf3 d5 2.c4 c6 3.d4 Nf6 4.cxd5 cxd5 5.Nc3 e6 6.Bf4 Nc6 7.e3 a6 8.Bd3 b5
9.Rc1 Bb7 10.O-O Bd6 11.Bg3 Bxg3 12.hxg3 h5 13.a4 b4 14.Nb1 Ng4 15.Nbd2 h4
16.gxh4 Rxh4 17.Nxh4 Qxh4 18.Nf3 Qh5 19.g3 Qh3 20.Re1 Ke7 21.Bf1 Qh5 22.Bg2 a5
23.Rc5 Rh8 24.Qe2 e5 25.Qb5 Ba8 26.Rxc6 Bxc6 27.Qxc6 e4 28.Nh4 Nf6 29.Qc7+ Kf8
30.Qe5 g5 31.Qxf6 gxh4 32.Rc1  1-0

[Event "8th ch-Euro"]
[Site "Dresden GER"]
[Date "2007.04.04"]
[Round "2"]
[White "Moor,R"]
[Black "Salewski,B"]
[Result "1/2-1/2"]
[WhiteElo "2385"]
[BlackElo "2043"]

1.Nf3 d5 2.c4 c6 3.g3 Bg4 4.Bg2 e6 5.cxd5 exd5 6.O-O Nd7 7.Nc3 h5 8.h3 Bxf3
9.Bxf3 g5 10.d4 f5 11.e4 g4 12.exd5 gxf3 13.Re1+ Kf7 14.Qxf3 Kg6 15.Ne2 Ngf6
16.Nf4+ Kf7 17.dxc6 bxc6 18.Qxc6 Qa5 19.Bd2 Qxd2 20.Qxa8 Qxd4 21.Qf3 Qxb2
22.Rab1 Qxa2 23.Rb7 Bc5 24.Nd3 Kg6 25.Rxd7 Bxf2+ 26.Kf1 Nxd7 27.Qc6+ Nf6
28.Ne5+ Kg7 29.Qc7+ Kh6 30.Nf7+ Kg7 31.Nxh8+ Kxh8 32.Re2 Bb6 33.Qc8+ Qg8
34.Qxf5 Qd8 35.g4 hxg4 36.hxg4 Qd1+ 37.Re1 Qd4 38.Re5 Qd1+ 39.Re1 Qd4 40.Re5 Qd1+  1/2-1/2

[Event "8th ch-Euro w"]
[Site "Dresden GER"]
[Date "2007.04.04"]
[Round "2"]
[White "Pertlova,S"]
[Black "Klek,H"]
[Result "1-0"]
[WhiteElo "2161"]
[BlackElo "1872"]

1.Nf3 d5 2.c4 c6 3.d4 Nf6 4.g3 e6 5.Bg2 Be7 6.O-O O-O 7.Qc2 Nbd7 8.Rd1 b6
9.b3 Bb7 10.Nc3 Rc8 11.e4 Nxe4 12.Nxe4 dxe4 13.Qxe4 Nf6 14.Qc2 Bd6 15.Bb2 Qe7
16.a4 Rfd8 17.Ng5 h6 18.Ne4 Nxe4 19.Qxe4 Rd7 20.Qg4 Qg5 21.Qxg5 hxg5 22.a5 Ra8
23.a6 Kh7  1-0

[Event "8th ch-Euro"]
[Site "Dresden GER"]
[Date "2007.04.04"]
[Round "2"]
[White "Bogner,S"]
[Black "Buhmann,R"]
[Result "1/2-1/2"]
[WhiteElo "2331"]
[BlackElo "2547"]

1.Nf3 d5 2.c4 c6 3.cxd5 cxd5 4.d4 Nf6 5.Nc3 Nc6 6.Bf4 a6 7.Rc1 Nh5 8.Bg5 h6
9.Bd2 e6 10.e3 Nf6 11.Bd3 Bd6 12.O-O O-O 13.e4 Nb4 14.Bb1 dxe4 15.Nxe4 Nxe4
16.Bxe4 Nd5 17.Qb3 Nf6 18.Bb1 b5 19.Ne5 Bb7 20.Qg3 Bxe5 21.dxe5 Qxd2 22.exf6 Qg5
23.fxg7 Rfc8 24.Rcd1 Bd5 25.a3 Qxg3 26.hxg3 Kxg7 27.Rfe1 Rd8 28.Rd4 Bb3 29.Rd3 Bc4
30.Rdd1 Bb3 31.Rd3 Rxd3 32.Bxd3 Rd8 33.Re3 Bc4 34.Bxc4 bxc4 35.Rc3 Rd1+ 36.Kh2 Rd4
37.f3 h5 38.Kg1 Kf6 39.Kf2 Ke5 40.Ke3 Kd5 41.Ke2 e5 42.b3 f5 43.bxc4+ Rxc4
44.Rd3+ Rd4 45.Rb3 Ra4 46.Kd3 e4+ 47.Ke3 Kc4 48.Rb8 Rxa3+ 49.Kf4 e3 50.g4 hxg4
51.fxg4 fxg4 52.Kxg4 Kd3 53.Kf3 Kd2 54.Rb2+ Kd3 55.g4 Ra1 56.Rb3+ Kd4 57.Rxe3 Rf1+
58.Ke2  1/2-1/2

[Event "18th Pobeskydi Arcimpex"]
[Site "Frydek Mistek CZE"]
[Date "2007.04.05"]
[Round "2"]
[White "Plischki,S"]
[Black "Wiley,To"]
[Result "1/2-1/2"]
[WhiteElo "2379"]
[BlackElo "2343"]

1.Nf3 d5 2.c4 dxc4 3.e3 Nf6 4.Bxc4 e6 5.O-O a6 6.Qe2 c5 7.Rd1 b5 8.Bb3 Bb7
9.a4 Nbd7 10.d4 Qb8 11.axb5 axb5 12.Rxa8 Bxa8 13.Nc3 b4 14.Na4 cxd4 15.exd4 Bd5
16.Bxd5 Nxd5 17.Nc5 Bxc5 18.dxc5 Qb7 19.Be3 O-O 20.Rc1 Rc8 21.Bd4 Rc6 22.Ne5 Nxe5
23.Qxe5 f6 24.Qe4 Qd7 25.f4 Qc7 26.g3 Qd7 27.Kg2 Qb7 28.Kg1 Qd7 29.Kg2 Qb7  1/2-1/2

[Event "Kaupthing GM"]
[Site "Reykjavik ISL"]
[Date "2007.04.05"]
[Round "3"]
[White "Kveinys,A"]
[Black "Thorfinnsson,Bj"]
[Result "1-0"]
[WhiteElo "2546"]
[BlackElo "2348"]

1.Nf3 d5 2.c4 e6 3.d4 dxc4 4.e3 Nf6 5.Bxc4 a6 6.O-O Be7 7.Qe2 b5 8.Bd3 c5
9.dxc5 Bxc5 10.e4 Nc6 11.Bg5 Qb6 12.Nbd2 h6 13.Bh4 Nh5 14.Nb3 Nf4 15.Qd2 Nxd3
16.Qxd3 Bb7 17.Qc3 Bf8 18.Rfd1 f6 19.Bxf6 Bb4 20.Bd4 Bxc3 21.Bxb6 Bxb2 22.Rab1 Bf6
23.Nc5 Bc8 24.Rd6 Nb8 25.Nxe6 Bxe6 26.Rxe6+ Kd7 27.Rxf6 gxf6 28.Rd1+ Kc6
29.Ba5 Rh7 30.e5 Rd7 31.Rc1+ Kd5 32.exf6 Nc6 33.Bc3 b4 34.Bb2 a5 35.g4 Re8
36.g5 Rg8 37.h4 Nd8 38.Ne5 Rb7 39.f4 Ke4 40.Kh2 Ne6 41.f7 Rd8 42.Kg3 h5 43.f5 Kxf5
44.Rf1+ Ke4 45.g6 Rd2 46.Rf6 Rxf7 47.gxf7 Nf8 48.Rf4+ Kd5 49.Rf2 Rxb2 50.Rxb2 Kxe5
51.Re2+  1-0

[Event "8th ch-Euro"]
[Site "Dresden GER"]
[Date "2007.04.06"]
[Round "4"]
[White "Wichmann,C"]
[Black "Dziuba,M"]
[Result "0-1"]
[WhiteElo "2419"]
[BlackElo "2525"]

1.Nf3 d5 2.c4 e6 3.g3 c6 4.Bg2 Nf6 5.O-O Nbd7 6.b3 b6 7.Bb2 Bb7 8.Nc3 Be7
9.d4 O-O 10.Nd2 c5 11.cxd5 cxd4 12.d6 Bxg2 13.dxe7 Qxe7 14.Kxg2 dxc3 15.Bxc3 Rfd8
16.Rc1 Rac8 17.Bxf6 Nxf6 18.Rxc8 Rxc8 19.Nf3 h6 20.Qd2 Qc5 21.Rd1 Nd5 22.Qd4 Qc6
23.Rd2 a5 24.e4 Nf6 25.Re2 Qb5 26.Re1 Nd7 27.a4 Qc6 28.Re3 Nc5 29.Qc4 Rd8
30.Ne5 Qb7 31.b4 axb4 32.Qxb4 Ra8 33.f3 Rxa4 34.Qb5 Ra2+ 35.Kh3 Qe7 36.Re2 Rxe2
37.Qxe2 Nd7 38.Nc4 b5 39.Na5 Qc5 40.Qd1 Ne5 41.f4 Nc4 42.e5 Nxa5 43.Qd8+ Kh7
44.Qxa5 Qc4 45.Qa6 Qf1+ 46.Kh4 Qe2 47.Kh3 g5 48.fxg5 hxg5 49.Qb7 Qf1+ 50.Kg4 Qf5+
51.Kh5 g4+  0-1

[Event "XXXVIII Open"]
[Site "Mar del Plata ARG"]
[Date "2007.04.07"]
[Round "9"]
[White "Goldwaser,C"]
[Black "Bibiloni,J"]
[Result "1-0"]
[WhiteElo "2374"]
[BlackElo "2179"]

1.Nf3 d5 2.c4 e6 3.d4 c5 4.cxd5 exd5 5.Nc3 Nc6 6.g3 Nf6 7.Bg2 Be7 8.O-O O-O
9.Bg5 cxd4 10.Nxd4 h6 11.Be3 Re8 12.Nxc6 bxc6 13.Bd4 Bg4 14.h3 Be6 15.Qa4 Qd7
16.Kh2 c5 17.Bxf6 Qxa4 18.Nxa4 Bxf6 19.Nxc5 Bxb2 20.Rab1 Rab8 21.Nb3 Bc3
22.e3 d4 23.Nxd4 Bxa2 24.Rxb8 Rxb8 25.Nc6 Rb7 26.Rc1 Bf6 27.e4 Rc7 28.f4 Bd4
29.e5 a5 30.Rc2 Bb3 31.Rd2 Bb6 32.Rd8+ Kh7 33.Rb8 a4 34.Rxb6 Rd7 35.Na5 Be6
36.Rd6 Rxd6 37.exd6 a3 38.Bd5 Bxd5 39.d7 a2 40.d8=Q a1=Q 41.Qxd5 Qb2+ 42.Qg2 Qc1
43.Nc6 g5 44.fxg5 hxg5 45.Nd4 Qa1 46.Qf2 Kg8 47.Qd2 Kh7 48.Nf3 f6 49.h4 gxh4
50.gxh4 Qa7 51.Qd4 Qa6 52.Kg3 Qc6 53.Qf4 Kg7 54.Qg4+ Kh7 55.h5 Qc2 56.Qf4 Qc3
57.Qf5+ Kh8 58.Qg6 Qc7+ 59.Kg2 Qe7 60.Kg3 Qd6+ 61.Kg2 Qe7 62.h6 Qe2+ 63.Kg3 Qe7
64.Kh3 f5 65.Qxf5 Qf7 66.Qc8+ Qg8 67.Qxg8+ Kxg8 68.Kh4 Kf7 69.Kg5 Kf8 70.Kg6 Kg8
71.Ne5 Kh8 72.Nf7+  1-0

[Event "18th Pobeskydi Chance Cup"]
[Site "Frydek Mistek CZE"]
[Date "2007.04.09"]
[Round "9"]
[White "Rohacek,M"]
[Black "Obrusnik,M"]
[Result "1-0"]
[WhiteElo "2206"]
[BlackElo "1977"]

1.Nf3 d5 2.c4 c6 3.e3 Nf6 4.b3 g6 5.Bb2 Bg7 6.Be2 O-O 7.O-O Bg4 8.h3 Bxf3
9.Bxf3 e6 10.d4 Nbd7 11.Nc3 Re8 12.cxd5 cxd5 13.Qd2 Rc8 14.Rfc1 a6 15.a4 Qb6
16.Bd1 Rc6 17.a5 Qa7 18.Ba3 Bf8 19.Bxf8 Rxf8 20.Be2 Rfc8 21.b4 Kg7 22.Qb2 Qb8
23.b5 axb5 24.Bxb5 R6c7 25.f3 Qa7 26.Kh2 b6 27.a6 Qb8 28.Kg1 Kg8 29.Na2 Qa7
30.Nb4 Nb8 31.Nd3 Nfd7 32.Rxc7 Rxc7 33.Rc1 Kf8 34.Qa3+  1-0

[Event "8th ch-Euro w"]
[Site "Dresden GER"]
[Date "2007.04.11"]
[Round "8"]
[White "Lauterbach,I"]
[Black "Levushkina,E"]
[Result "1/2-1/2"]
[WhiteElo "2142"]
[BlackElo "2327"]

1.Nf3 d5 2.c4 e6 3.e3 Nf6 4.Nc3 Be7 5.d4 dxc4 6.Bxc4 a6 7.O-O b5 8.Be2 Nbd7
9.Ne5 Nxe5 10.dxe5 Qxd1 11.Rxd1 Nd7 12.f4 Bb7 13.Kf2 Nb6 14.Bf3 Bxf3 15.Kxf3 Rd8
16.Rxd8+ Kxd8 17.b3 Kc8 18.Bb2 Rd8 19.Ne4 Kb7 20.Bd4 Nd5 21.a3 Rc8 22.b4 a5
23.Bc5 Bxc5 24.Nxc5+ Kb6 25.e4 axb4 26.Nd7+ Kc6 27.exd5+ Kxd7 28.dxe6+ Kxe6
29.axb4 Rd8 30.Ke3 c6 31.Rc1 Rc8 32.Ke4 g6 33.g4 Kd7 34.f5 Ra8 35.Rd1+ Ke7
36.h3 Ra4 37.Rd4 Ra3 38.Rd3 Ra4 39.Rd4 Ra1 40.Kf4 Rh1 41.Rd3 Rf1+ 42.Ke4 Rb1
43.Rd4 Rb3 44.f6+ Ke8 45.Kf4 Rxh3 46.Rd6 Rc3 47.e6 fxe6 48.g5 c5 49.Rxe6+ Kf8
50.bxc5 Rc4+ 51.Re4 Rxc5 52.Re7 Rc4+ 53.Kg3 b4 54.Rb7 Rc3+ 55.Kf4 Rc4+ 56.Ke5 Rh4
57.Kd5 Kg8 58.Ke6 Re4+ 59.Kd5 Rh4  1/2-1/2